000
00206 a2200109 4500
020
_a
9780439226493
041
_a
spa
100
_a
Lulu Delacre
245
_a
Cuentos con sazon
942
_c
BK
952
_7
1
999
_c
24910
_d
24910